Angleterre - Tout les joueurs depuis 2010 - Statistiques

Statistiques générales
  • Ce quiz a été pris 185 fois
    16 depuis la dernière actualisation
  • Le résultat moyen est 104 sur 170
Statistiques - réponses
Période
De Séléction
Joueur Clubs Nombre
De Séléctions
Poste % Correct
2001 - 2014 AshleyCole Crystal Palace - Arsenal - Chelsea - Roma - Los Angeles - Derby County 107 D
100%
2009 - 2010 CarltonCole Chelsea - Wolverhampton - Chelsea - Charlton - Aston Villa - Chelsea - West Ham - Celtic - Sacramento Fc - Persib Bandung 7 A
100%
2020 - DeanHenderson Stockport - Grimsby - Shrewsbury - Sheffield United - Manchester United - Nottingham Forrest - Crystal Palace 4 G
100%
1999 - 2014 FrankLampard West Ham - Chelsea - Manchester City - New York City 106 M
100%
2015 - HarryKane Leyton Orient - Millwall - Norwich - Leicester - Tottenham - Bayern Munich 112 A
100%
2017 - HarryMaguire Sheffield United - Hull City - Wigan - Hull City - Leicester - Manchester United 64 D
100%
2001 - 2010 JoeCole West Ham - Chelsea - Liverpool - Losc - Liverpool - West Ham - Aston Villa - Coventry - Tampa Bay Rowdies 56 M
100%
2008 - 2017 JoeHart Shrewsbury Town - Tranmere Rovers - Blackpool - Manchester City - Birmingham - Manchester City - Torino - Burnley - Tottenham - Celtic 75 G
100%
2014 - JohnStones Barnsley - Everton - Manchester City 87 D
100%
2003 - 2012 JohnTerry Chelsea - Nottingham Forrest - Chelsea - Aston Villa 78 D
100%
2010 - JordanHenderson Coventry - Sunderland - Liverpool - Al Ettifaq - Ajax - Brentford 87 M
100%
2017 - Jordan Pickford Darlington - Alfreton - Burton Albion - Carlisle - Bradford - Preston - Sunderland - Everton 81 G
100%
2011 - 2025 KyleWalker Northampton - Sheffield United - Tottenham - Qpr - Aston Villa - Tottenham - Manchester City - Milano - Burnley 96 D
100%
2016 - MarcusRashford Manchester United - Aston Villa - Barcelone 68 A
100%
2012 - 2022 RaheemSterling Liverpool - Manchester City - Chelsea - Arsenal - Sterling 82 A
100%
1997 - 2011 RioFerdinand West Ham - Leeds - Manchester United - Qpr 81 D
100%
2000 - 2014 Steven Gerrard Liverpool - Los Angeles Galaxy 114 M
100%
2003 - 2018 WayneRooney Everton - Manchester United - Evrton - Dc United - Derby County 120 A
100%
2020 - 2020 AinsleyMaitland - Niles Arsenal - Ipswich - Arsenal - West Bromwich - Arsenal - Rome - Southampton - Lyon 5 D/M
90%
2024 - AnthonyGordon Everton - Preston - Everton - Newcastle 16 A
90%
2018 - 2024 Ben Chilwell Leicester - Huddersfield - Leicester - Chelsea - Strasbourg 21 D
90%
2021 -2022 Ben White Newport County - Peterborough - Leeds - Brighton - Arsenal 4 D
90%
2020 - BukayoSaka Arsenal 48 A
90%
2023 - ColePalmer Manchester City - Chelsea 12 M
90%
2011 - 2018 DannyWelbeck Manchester United - Preston - Sunderland - Manchester United - Arsenal - Watford - Brighton 42 A
90%
1997 - 2010 DavidJames Watford - Liverpool - Aston Villa - West Ham - Manchester City - Portsmouth - Bristol City - Bournemouth - IBV - Kerala Blasters 53 G
90%
2019 - DeclanRice West Ham - Arsenal 72 M
90%
2023 - EberechiEze Wycombe - Qpr - Crystal Palace - Arsenal 16 M
90%
2015 - EricDier Sporting Lisbonne - Tottenham - Bayern - Monaco 49 D
90%
2019 - FikayoTomori Chelsea - Brighton - Hull City - Derby County - Chelsea - Milan 5 D
90%
2010 - 2018 GaryCahill Burnley - Aston Villa - Sheffield United - Bolton - Chelsea - Crystal Palace - Bournemouth 61 D
90%
2018 - 2021 JadonSancho Borussia Dortmund - Manchester United - Borussia Dortmund - Chelsea - Aston Villa 23 A
90%
2009 - 2016 James Milner Leeds - Swindown Town - Leeds - Newcastle - Aston Villa - Newcastle - Aston Villa - Manchester City - Liverpool - Brighton 61 M
90%
2015 - 2018 JamieVardy Fleetwood - Leicester - Cremonese 26 A
90%
2022 - JarrodBowen Hull City - West Ham 20 A
90%
2020 - KalvinPhillips Leeds - Manchester City - West Ham - Ipswich - Manchester City 31 M
90%
2017 - 2024 Kieran Trippier Barnsley - Burnley - Tottenham - Atletico Madrid - Newcastle 54 D
90%
2024 - KobbieMainoo Manchester United 10 M
90%
2014 - LukeShaw Southampton - Manchester United 34 D
90%
2022 - MarcGuehi Chelsea - Swansea - Crystal Palace 26 D
90%
2019 - 2022 MasonMount Vitesse - Derby County - Chelsea - Manchester United 36 M
90%
2024 - MorganGibbs - White Wolverhampton - Swansea - Wolverhampton - Sheffield United - Nottingham Forrest 6 M
90%
2024 - NoniMadueke Psv - Chelsea - Arsenal 9 A
90%
2021 - OllieWatkins Exeter - Brentford - Aston Villa 20 A
90%
2020 - ReeceJames Wigan - Chelsea 22 D
90%
2017 - Ruben Loftus - Cheek Chelsea - Crystal Palace - Chelsea - Fulham - Chelsea - Milan 11 M
90%
2004 - 2010 ShaunWright - Phillips Manchester City - Chelsea - Manchester City - Qpr - New York Redbull - Arizona United 36 A
90%
2018 - TrentAlexander - Arnold Liverpool - Real Madrid 34 D
90%
2019 - 2023 TyroneMings Ipswich Town - Bournemouth - Aston Villa 18 D
90%
2010 - 2012 AdamJohnson Midllesbrough - Leeds - Midllesbrough - Watford - Midllesbrough - Manchester City - Sunderland 12 A
80%
2013 - 2018 AdamLallana Bournemouth - Southampton - Liverpool - Brighton 34 M
80%
2012 - 2019 Alex Oxlade - Chamberlain Southampton - Arsenal - Liverpool - Besiktas 35 M
80%
2010 - 2012 AndyCarroll Newcastle - Preston - Newcastle - Liverpool - West Ham - Newcastle - Reading - West Bromwich - Reading - Amiens - Bordeaux - Dagenham and Redbridge 9 A
80%
2024 - AngelGomes Manchester United - Boavista - Lille - Om 4 M
80%
2007 - 2018 AshleyYoung Watford - Aston Villa - Manchester United - Inter Milan - Aston Villa - Everton - Ipswich 39 D/M
80%
2021 - ConorGallagher Charlton - Swansea - West Bromwich - Crystal Palace - Chelsea - Atletico Madrid 22 M
80%
2024 - CurtisJones Liverpool 6 M
80%
2011 - 2017 DanielSturridge Manchester City - Chelsea - Bolton - Chelsea - Liverpool - West Bromwich - Liverpool - Trabzonspor - Perth Glory 26 A
80%
2016 - 2016 DannyDrinkwater Huddersfield - Cardiff City - Watford - Barnsley - Leicester - Chelsea - Burnley - Aston Villa - Kasimpasa - Reading 3 M
80%
2015 - 2019 DeleAlli Mk Dons - Tottenham - Everton - Besiktas - Everton - Como 37 M
80%
2003 - 2014 GlenJohnson Millwall - West Ham - Chelsea - Portsmouth - Chelsea - Portsmouth - Liverpool - Stoke 54 D
80%
2020 - JackGrealish Aston Villa - Notts County - Aston Villa - Manchester City - Everton 39 A
80%
2019 - JamesMaddison Coventry - Aberdeen - Norwich - Leicester - Tottenham 7 M
80%
2004 - 2017 JermainDefoe Bournemouth - West Ham - Tottenham - Portsmouth - Tottenham - Toronto - Sunderland - Bournemouth - Glasgow Rangers - Sunderland 57 A
80%
2016 - 2021 Jesse Lingard Leicester - Birmingham - Brighton - Manchester United - Derby County - Manchester United - West Ham - Manchester United - Nottingham Forrest - Fc Seoul 32 M
80%
2020 - JudeBellingham Birmingham - Borussia Dortmund - Real Madrid 46 M
80%
2020 - 2020 MasonGreenwood Manchester United - Getafe - OM 1 A
80%
2006 - 2012 MicahRichards Manchester City - Fiorentina - Aston Villa 13 D
80%
2001 - 2015 MichaelCarrick Swindown Town - Birmingham - West Ham - Tottenham - Manchester United 34 M
80%
2024 - Morgan Rogers West Bromwich - Manchester City U21 - Lincoln - Bournemouth - Blackpool - Middlesbrough - Aston Villa 12 M
80%
2025 - Myles Lewis - Skelly Arsenal 6 D
80%
2018 - 2018 NathanielChalobah Watford - Nottingham Forrest - Middlesbrough - Burnley - Reading - Napoli - Chelsea - Watford - Fulham - West Bromwich - Sheffield Wednesday 1 M
80%
2018 - 2022 NickPope Cambridge - Aldershot - York - Charlton - Bury - Charlton - Burnley - Newcastle 10 G
80%
2020 - PhilFoden Manchester City 47 A
80%
2023 - RicoLewis Manchester City 5 D
80%
2005 - 2012 RobGreen Norwich - West Ham - QPR - Leeds - Huddersfield - Chelsea 12 G
80%
2013 - 2019 RossBarkley Everton - Sheffield Wednesday - Leeds - Everton - Chelsea - Aston Villa - Chelsea - Nice - Luton Town - Aston Villa 33 M
80%
2017 - 2022 TammyAbraham Chelsea - Bristol City - Swansea - Aston Villa - Chelsea - Roma - Milan - Besiktas 11 A
80%
2024 - TinoLivramento Southampton - Newcastle 3 D
80%
2025 - TrevohChalobah Ipswich Town - Huddersfield - Lorient - Chelsea - Crystal Palace - Chelsea 1 D
80%
2024 - AdamWharton Blackburn - Crystal Palace 3 M
70%
2011 - 2017 ChrisSmalling Fulham - Manchester United - Roma - Al Fayha 31 D
70%
2025 - DanBurn Darlington - Fullham U21 - Yeovil Town - Birmingham - Fulham - Wigan - Brighton - Newcastle Untied 5 D
70%
2016 - 2019 DannyRose Watford - Peterborough - Tottenham - Bristol City - Tottenham - Sunderland - Tottenham - Newcastle - Watford 29 D
70%
2025 - DjedSpence Middlesbrough - Nottingham Forrest - Tottenham - Rennes - Leeds - Genoa - Tottenham 3 D
70%
2021 - 2022 EmileSmith - Rowe Leipzig - Arsenal - Huddersfield - Arsenal - Fulham 3 M
70%
2012 - 2018 JackButland Cheltenham - Birmingham - Barnsley - Leeds - Stoke - Derby County - Stoke - Crystal Palace - Manchester United - Glasgow Rangers 9 G
70%
2010 - 2016 JackWilshere Arsenal - Bolton - Arsenal - Bournemouth - Arsenal - West Ham - Bournemouth - Aarhus 34 M
70%
1999 - 2010 JamieCarragher Liverpool 38 D
70%
2017 - JoeGomez Charlton - Liverpool 15 D
70%
2007 - 2013 JoleonLescott Wolverhampton - Everton - Manchester City - West Bromwich - Aston Villa - Aek Athenes - Sunderland 26 D
70%
2010 - 2015 KieranGibbs Norwich - Arsenal - West Bromwich - Inter Miami 10 D
70%
2024 - LewisHall Chelsea - Newcastle 2 D
70%
2014 - 2016 NathanielClyne Crsytal Palace - Southampton - Liverpool - Bournemouth - Crystal Palace 14 D
70%
2005 - 2010 PeterCrouch Qpr - Portsmouth - Aston Villa - Norwich - Aston Villa - Southampton - Liverpool - Portsmouth - Tottenham - Stoke - Burnley 42 A
70%
2011 - 2018 PhilJones Blacburn Rovers - Manchester United 27 D
70%
2006 - 2016 TheoWalcott Southampton - Arsenal - Everton - Southampton 47 A
70%
2017 - DominicSolanke Vitesse - Chelsea - Liverpool - Bournemouth- Tottenham 3 A
60%
2012 - 2012 FraizerCampbell Royal Antwerp - Manchester United - Hull City - Manchester United - Tottenham - Sunderland - Cardiff City - Crystal Palace - Hull City - Huddersfield 1 A
60%
2020 - 2020 HarveyBarnes Mk Dons - Barnsley - Leicester - West Bromwich - Leicester - Newcastle 1 A
60%
2023 - Ivan Toney Nothampton - Newcastle - Barnsley - Shrewsbury - Scunthorpe - Wigan - Scunthorpe - Peterborough - Brentford - Al Ahli 7 A
60%
2023 - LeviColwill Huddersfield - Brighton - Chelsea 5 D
60%
2017 - 2020 MichaelKeane Leicester - Derby County - Blackburn - Manchester United - Burnley - Everton 12 D
60%
2019 - 2019 CallumHudson - Odoi Chelsea - Bayer Leverkusen - Nottingham forrest 3 A
50%
2018 - CallumWilson Kettering -Tamworth - Coventry - Bournemouth - Newcastle - West Ham 9 A
50%
2015 - 2020 DannyIngs Bournemouth - Burnley - Liverpool - Southampton - Aston Villa - West Ham - Sheffield United 3 A
50%
2020 - 2021 DominicCalvert - Lewin Stalybridge - Sheffield United - Northampton - Sheffield United - Everton - Leeds 11 A
50%
2025 - ElliotAnderson Newcastle - Nottingham Forrest 6 M
50%
2024 - EzriKonsa Charlton - Brentford - Aston Villa 17 D
50%
2014 - 2019 Fabian Delph Leeds - Aston Villa - Leeds - Aston Villa - Manchester City - Everton 20 M
50%
2017 - 2020 HarryWinks Tottenham - Sampdoria - Leicester 10 M
50%
2018 - 2018 JamesTarkowski Oldham - Brentford - Burnley - Everton 2 D
50%
2022 - 2022 KyleWalker - Peters Tottenham - Southampton - West Ham 2 D
50%
2018 - Lewis Dunk Brighton 6 D
50%
2025 - NicoO'Reilly Manchester City 2 D/M
50%
2021 - AaronRamsdale Chesterfield - Wimbledon - Bournemouth - Sheffield United - Arsenal - Southampton - Newcastle 5 G
40%
2007 - 2014 BenFoster Kidderminster - Wrexham - Watford - Manchester United - Birmingham - West Bromwich - Watford - Wrexham 8 G
40%
2000 - 2012 GarethBarry Aston Villa - Manchester City - Everton - West Bromwich 53 M
40%
2017 - 2022 James Ward - Prowse Southampton - West Ham - Nottingham Forrest - West Ham 11 M
40%
2025 - JarrelQuansah Liverpool U23 - Bristol Rovers - Liverpool - Bayer Lverkusen 1 D
40%
2012 - 2015 JonjoShelvey Charlton - Liverpool - Blackpool - Liverpool - Swansea - Newcastle - Nottingham Forrest - Rizespor - Eyupspor - Arabian Falcons 6 M
40%
2010 - 2010 KevinDavies Southampton - Blackburn - Southampton - Millwall - Southampton - Bolton - Preston 1 A
40%
2010 - 2015 LeightonBaines Wigan - Everton 30 D
40%
2021 - 2023 SamJohnstone Scunthorpe - Walsall - Yeovil Town - Doncaster - Preston - Aston Villa - West Bromwich - Crystal Palace - Wolverhampton 4 G
40%
2003 - 2013 ScottParker Charlton - Norwich - Charlton - Chelsea - Newcastle - West Ham - Tottenham - Fulham 18 M
40%
2012 - 2013 WilfriedZaha Crystal Palace - Manchester United - Cardiff City - Crystal Palace - Galatasaray - Ol - Charlotte Fc 2 A
40%
2013 - 2016 AndrosTownsend Yeovil Town - Leyton Orient - Mk Dons - Ipswich Town - Watford - Milwall - Leeds - Birmingham - Tottenham - Qpr - Tottenham - Newcastle - Crystal Palace - Everton - Luton Town - Kanchanaburi 13 A
30%
2012 - 2012 MartinKelly Huddersfield - Liverpool - Crystal Palace - West Bromwich - Wigan 1 D
30%
2008 - 2016 PhilJagielka Sheffield United - Everton - Sheffield United - Derby County - Stoke 40 D
30%
2012 - 2017 RyanBertrand Bournemouth - Oldham - Norwich - Reading - Nottingham Forrest - Chelsea - Aston Villa - Southampton - Leicester 19 D
30%
2007 - 2011 ScottCarson Leeds - Liverpool - Sheffield Wednesday - Charlton - Aston Villa - West Bromwich - Bursaspor - Wigan - Derby County - Manchester City 4 G
30%
2005 - 2014 StewartDowning Midllesbrough - Sunderland - Midllesbrough - Aston Villa - Liverpool - West Ham - Midllesbrough - Blackburn Rovers 35 M
30%
2022 - 2022 TyrickMitchell Crystal Palace 2 D
30%
2006 - 2013 AaronLennon Leeds - Tottenham - Everton - Burnley - Kayserispor - Burnley 21 A
20%
2021 - 2021 BenGodfrey York City - Norwich - Shrewsbury - Norwich - Everton - Atalanta - Ipswich - Sheffield United 2 D
20%
2014 - 2014 CallumChambers Southampton - Arsenal - Middlesbrough - Arsenal - Fulham - Arsenal - Aston Villa - Cardiff City 3 D
20%
2012 - 2012 CarlJenkinson Eastbourne - Charlton - Arsenal - West Ham - Arsenal - Birmingham - Arsenal - Nottingham Forrest - Melbourne City - Newcastle Jets 1 D
20%
2020 - 2022 ConorCoady Liverpool - Sheffield United - Huddersfield - Wolverhampton - Everton - Leicester - Wrexham 10 D
20%
1999 - 2010 EmileHeskey Leicester - Liverpool - Birmingham - Wigan - Aston Villa - Newcastle Jets - Bolton 62 A
20%
2013 - 2016 FraserForster Stockport - Bristol Rovers - Norwich - Celtic - Southampton - Celtic - Southampton - Tottenham 5 G
20%
2011 - 2013 JackRodwell Everton - Manchester City - Sunderland - Blackburn - Sheffield United - Western Sydney - Sydney Fc 3 D/M
20%
2022 - 2022 JamesJustin Luton Town - Leicester - Leeds 1 D
20%
2012 - 2012 JohnRuddy Cambridge - Walsall - Rushden and Diamond - Chester - Stockport - Wrexham - Bristol City - Stockport - Crewe Alexandra - Motherwell - Norwich - Wolverhampton - Birmingham 1 G
20%
2002 - 2010 LedleyKing Tottenham 21 D
20%
2020 - 2020 PatrickBamford Nottingham Forrest - Mk Dons - Derby County - Middlesbrough - Crystal Palace - Norwich - Burnley - Middlesbrough - Leeds 1 A
20%
2013 - 2014 RickieLambert Blackpool - Stockport - Rochdale - Bristol Rovers - Southampton - Liverpool - West Bromwich - Cardiff City 11 A
20%
2024 - TaylorHarwood - Bellis Manchester City - Blacburn Rovers - Rsc Anderlecht - Stoke - Burnley - Southampton 1 D
20%
2012 - 2013 TomCleverley Leicester - Watford - Wigan - Manchester United - Aston Villa - Everton - Watford 13 M
20%
2016 - 2017 TomHeaton Swindown Town - Cardiff City - Rochdale - Wycombe - Cardiff City - Bristol City - Burnley - Aston Villa - Manchester United 3 G
20%
1999 - 2010 Wes Brown Manchester United - Sunderland - Blackburn Rovers - Kerala Blasters 23 D
20%
2016 - 2017 AaronCresswell Tranmere Rovers - Ipswich Town - West Ham - Stoke 3 D
10%
2018 - 2018 AlexMcCarthy Aldershot - Yeovil Town - Brentford - Reading - Leeds - Ipswich - Reading - Qpr - Crystal Palace - Southampton 1 G
10%
2006 - 2011 DarrenBent Ipswich Town - Charlton - Tottenham - Sunderland - aston Villa - Fulham - Aston Villa - Brighton - Derby County - Burton Albion 13 A
10%
2017 - 2017 JackCork Bournemouth - Scunthorpe - Southampton - Watford - Coventry - Burnley - Southampton - Swansea - Burnley 1 M
10%
2010 - 2010 JayBothroyd Coventry - Perugia - Blackburn - Charlton - Wolverhampton - Stoke - Cardiff - Qpr - Sheffield Wednesday - Qpr - Muangthong United - Jubilo Iwata - H.C Sapporo 1 A
10%
2013 - 2013 JayRodriguez Burnley - Stirling Albion - Burnley - Barnsley - Burnley - Southampton - West Bromwich - Burnley - Wrexham 1 A
10%
2014 - 2014 JonFlanagan Liverpool - Burnley - Bolton - Glasgow Rangers - Hb Koge 1 D
10%
2012 - 2013 LeonOsman Everton - Derby County - Everton 2 M
10%
2018 - 2018 LewisCook Leeds - Bournemouth 1 M
10%
2003 - 2010 MatthewUpson Arsenal - Nottingham Forrest -Crystal Palace - Arsenal - Reading - Birmingham - West Ham - Stoke - Brighton - Leicester - Mk Dons 21 D
10%
2017 - 2017 NathanRedmond Birmingham - Norwich - Southampton - Besiktas - Burnley 1 A
10%
2012 - 2012 RyanShawcross Manchester United - Royal Antwerp - Stoke - Inter Miami 1 D
10%
2012 - 2012 StevenCaulker Yeovil Town - Bristol City - Swansea - Tottenham - Cardiff - Qpr - Southampton - Liverpool - Qpr - Dundee - Alanyaspor - Gaziantespor - Karagumruk - Wigan - Ankara Keciorengucu 1 D
10%
2009 - 2012 TomHuddlestone Derby County - Wolverhampton - Tottenham - Hull City - Derby County - Hull City - Manchester United U21 4 M
10%
2010 - 2011 BoobyZamora Bristol Rovers - Brighton - Tottenham - West Ham - Fulham - Qpr - Brighton 2 A
0%
2012 - 2017 JakeLivermore Mk Dons - Derby County - Peterborough - Tottenham - Ipswich Town - Leeds - Tottenham - Hull City - West Bromwich - Watford 7 M
0%
2011 - 2011 MattJarvis Gillingham - Wolverhampton - West Ham - Norwich - Walsall - Woking 1 A
0%
2010 - 2011 MichaelDawson Nottingham Forrest - Tottenham - Hull City - Nottingham Forrest 4 D
0%
2015 - 2015 RyanMason Yeovil Town - Doncaster - Millwall - Swindown Town - Tottenham - Hull City 1 M
0%
2008 - 2010 StephenWarnock Bradford - Coventry - Liverpool - Blackburn rovers - Aston Villa - Bolton - Leeds - Derby County - Wigan - Burton Albion - Bradford 2 D
0%
Aucun quiz correspondant
Distribution des résultats
% des personnes avec chaque résultat
Percentile par nombre de réponses
Votre historique - résultats
Vous n’avez pas pris ce quiz depuis la dernière actualisation